000
00350nam a2200133Ia 4500
008
231129s2001||||xx |||||||||||||| ||spa||
020
_a
958-33-2534-1
040
_b
spa
082
_a
631.498613 S944
245
0
_a
Suelos del Eje Cafetero
260
_c
2001
264
_a
Proyecto U.T.P - GTZ
942
_2
ddc
_c
BKS
999
_c
24886
_d
24886